[Event "HUN-chT2 Toth 1819"]
[Site "Hungary"]
[Date "2019.01.27"]
[Round "6.8"]
[White "Ferenczi, Bela Istvan"]
[Black "Bor, Ferenc"]
[Result "1/2-1/2"]
[WhiteElo "1780"]
[BlackElo "1893"]
[PlyCount "101"]
[EventDate "2018.09.23"]
[EventType "team-tourn"]
[EventRounds "11"]
[EventCountry "HUN"]
[SourceTitle "EXT 2021"]
[Source "ChessBase"]
[SourceDate "2020.10.23"]
[SourceVersion "1"]
[SourceVersionDate "2020.10.23"]
[SourceQuality "1"]
[WhiteTeam "Kecskemet Toth Laszlo II"]
[BlackTeam "Felegyhaza Csongrad"]
[WhiteTeamCountry "HUN"]
[BlackTeamCountry "HUN"]

1. e4 Nc6 2. d4 d5 3. e5 Bf5 4. Nf3 f6 5. Be3 e6 6. Bd3 Bg4 7. h3 Bh5 8. Bb5 Nge7 9. g4 Bf7 10. Bf4 a6 11. Bxc6+ Nxc6 12. Nbd2 Bb4 13. c3 Ba5 14. Qe2 b5 15. Nb3 Bb6 16. g5 f5 17. Nfd2 Qe7 18. Be3 Na5 19. Nxa5 Bxa5 20. Nb3 Bb6 21. Nc5 c6 22. a4 0-0 23. f4 Qe8 24. a5 Bh5 25. Qf2 Bc7 26. b4 Bd8 27. Qg3 Rf7 28. Kd2 g6 29. h4 Rfa7 30. Ra2 Qf7 31. Rha1 Be7 32. Ke1 h6 33. Rg2 hxg5 34. hxg5 Kg7 35. Kd2 Rh8 36. Rh1 Bxc5 37. dxc5 Rh7 38. Rgh2 Ra8 39. Bd4 Rah8 40. Rh4 Kg8 41. Ke3 Bg4 42. Kf2 Rh5 43. Rxh5 gxh5 44. Rh4 Kg7 45. Qh2 Kg6 46. Kg3 Rg8 47. Qf2 Qe7 48. Qe3 Kh7 49. Qd2 Rg7 50. Qe3 Kg6 51. Qd2 1/2-1/2

[Event "HUN-chT2 Toth 1718"]
[Site "Hungary"]
[Date "2018.05.06"]
[Round "11.9"]
[White "Balatoni, Gyorgy"]
[Black "Ferenczi, Bela Istvan"]
[Result "1/2-1/2"]
[WhiteElo "1735"]
[BlackElo "1785"]
[PlyCount "47"]
[EventDate "2017.09.24"]
[EventType "team-tourn"]
[EventRounds "11"]
[EventCountry "HUN"]
[SourceTitle "EXT 2021"]
[Source "ChessBase"]
[SourceDate "2020.10.23"]
[SourceVersion "1"]
[SourceVersionDate "2020.10.23"]
[SourceQuality "1"]
[WhiteTeam "Szentes Integral"]
[BlackTeam "Kecskemet Toth Laszlo II"]
[WhiteTeamCountry "HUN"]
[BlackTeamCountry "HUN"]

1. c4 Nf6 2. Nc3 e6 3. e4 Nc6 4. a3 d5 5. e5 Nxe5 6. cxd5 Nxd5 7. d4 Ng6 8. Nf3 Be7 9. g3 Bd7 10. Nxd5 exd5 11. Qb3 Bc6 12. Bg2 0-0 13. 0-0 Bf6 14. Be3 Re8 15. Rac1 Qd7 16. Qc3 Rac8 17. b4 Bb5 18. Rfe1 Bc4 19. Qd2 b5 20. h4 Qf5 21. Kh2 Qd3 22. Qxd3 Bxd3 23. Bh3 Bc4 24. Bxc8 1/2-1/2

[Event "HUN-chT2 Toth 1718"]
[Site "Hungary"]
[Date "2018.03.04"]
[Round "9.9"]
[White "Ferenczi, Bela Istvan"]
[Black "Daroczi, Donat"]
[Result "0-1"]
[WhiteElo "1785"]
[BlackElo "1699"]
[PlyCount "90"]
[EventDate "2017.09.24"]
[EventType "team-tourn"]
[EventRounds "11"]
[EventCountry "HUN"]
[SourceTitle "EXT 2021"]
[Source "ChessBase"]
[SourceDate "2020.10.23"]
[SourceVersion "1"]
[SourceVersionDate "2020.10.23"]
[SourceQuality "1"]
[WhiteTeam "Kecskemet Toth Laszlo II"]
[BlackTeam "Szeged Meritum"]
[WhiteTeamCountry "HUN"]
[BlackTeamCountry "HUN"]

1. e4 e5 2. d4 exd4 3. Qxd4 Nc6 4. Qe3 Bb4+ 5. Bd2 a5 6. a3 Bxd2+ 7. Nxd2 Nge7 8. Bc4 Ne5 9. Ba2 0-0 10. 0-0-0 b5 11. f4 Ng4 12. Qe2 d6 13. h3 Nf6 14. Ngf3 Nh5 15. Qe3 b4 16. g4 Nf6 17. g5 Nh5 18. f5 bxa3 19. Qxa3 g6 20. f6 Nc6 21. Bd5 Ra6 22. Nb3 Qe8 23. Nbd4 Ne5 24. Rhe1 Nf4 25. Nxe5 dxe5 26. Nc6 Rxc6 27. Bxc6 Qxc6 28. h4 Ba6 29. Qe7 Nd3+ 30. Kb1 Nxe1 31. Rxe1 Qd6 32. Qxd6 cxd6 33. Rd1 Rd8 34. b3 Bb7 35. Re1 Kf8 36. Kb2 Ke8 37. Kc3 Rc8+ 38. Kd2 Kd7 39. Kd3 Ba6+ 40. Kd2 Rc5 41. Ra1 Kc6 42. b4 Rb5 43. c3 Kb6 44. bxa5+ Rxa5 45. Rb1+ Rb5 0-1

[Event "HUN-chT2 Toth 1718"]
[Site "Hungary"]
[Date "2017.12.17"]
[Round "6.9"]
[White "Csomos, Janos"]
[Black "Ferenczi, Bela Istvan"]
[Result "0-1"]
[WhiteElo "1800"]
[BlackElo "1785"]
[PlyCount "48"]
[EventDate "2017.09.24"]
[EventType "team-tourn"]
[EventRounds "11"]
[EventCountry "HUN"]
[SourceTitle "EXT 2021"]
[Source "ChessBase"]
[SourceDate "2020.10.23"]
[SourceVersion "1"]
[SourceVersionDate "2020.10.23"]
[SourceQuality "1"]
[WhiteTeam "Gyula"]
[BlackTeam "Kecskemet Toth Laszlo II"]
[WhiteTeamCountry "HUN"]
[BlackTeamCountry "HUN"]

1. d4 d5 2. c4 e5 3. dxe5 d4 4. e4 Nc6 5. f4 f6 6. exf6 Nxf6 7. e5 Bb4+ 8. Bd2 Ng4 9. Bxb4 Nxb4 10. Qa4+ Nc6 11. Be2 0-0 12. g3 d3 13. Bd1 Qd4 14. Bxg4 Bxg4 15. Nc3 Nxe5 16. h3 Qe3+ 17. Kf1 Qxg3 18. Nd5 Rxf4+ 19. Nxf4 Rf8 20. c5 Rxf4+ 21. Qxf4 Qxf4+ 22. Kg2 Bf3+ 23. Nxf3 Qxf3+ 24. Kh2 Qf2# 0-1

[Event "HUN-chT2 Toth 1516"]
[Site "Hungary"]
[Date "2016.04.17"]
[Round "11.9"]
[White "Pasztorcsik, Janos"]
[Black "Ferenczi, Bela Istvan"]
[Result "1/2-1/2"]
[WhiteElo "2065"]
[BlackElo "1645"]
[PlyCount "39"]
[EventDate "2015.09.13"]
[EventType "team-tourn"]
[EventRounds "11"]
[EventCountry "HUN"]
[SourceTitle "EXT 2017"]
[Source "ChessBase"]
[SourceDate "2016.10.25"]
[SourceVersion "1"]
[SourceVersionDate "2016.10.25"]
[SourceQuality "1"]
[WhiteTeam "Oroshaza"]
[BlackTeam "Toth Laszlo II"]
[WhiteTeamCountry "HUN"]
[BlackTeamCountry "HUN"]

1. d4 d5 2. Bg5 Nf6 3. Bxf6 exf6 4. e3 Be7 5. g3 c6 6. Bg2 0-0 7. Ne2 Bf5 8. Nd2 Nd7 9. 0-0 Re8 10. h3 Nf8 11. g4 Bd7 12. c4 f5 13. gxf5 Bxf5 14. cxd5 cxd5 15. Qb3 Qd7 16. Nf4 Bg5 17. Qxd5 Bxf4 18. Qxd7 Bxd7 19. exf4 Ne6 20. Bxb7 1/2-1/2

[Event "HUN-chT2 Toth 1314"]
[Site "Hungary"]
[Date "2013.10.20"]
[Round "3.12"]
[White "Farago, Balazs1111"]
[Black "Ferenczi, Bela Istvan"]
[Result "1/2-1/2"]
[WhiteElo "1535"]
[BlackElo "1669"]
[PlyCount "55"]
[EventDate "2013.09.08"]
[EventType "team-tourn"]
[EventRounds "11"]
[EventCountry "HUN"]
[SourceTitle "EXT 2016"]
[Source "ChessBase"]
[SourceDate "2015.10.08"]
[SourceVersion "1"]
[SourceVersionDate "2015.10.08"]
[SourceQuality "1"]
[WhiteTeam "Kecskemet Takisz"]
[BlackTeam "Toth Laszlo II"]
[WhiteTeamCountry "HUN"]
[BlackTeamCountry "HUN"]

1. Nf3 f5 2. g3 Nf6 3. Bg2 e6 4. d4 d5 5. 0-0 Nbd7 6. b3 Be7 7. Bb2 Ne4 8. Nbd2 Ndf6 9. Nxe4 Nxe4 10. Ne5 Nf6 11. e3 0-0 12. Rc1 Bd7 13. c4 c6 14. c5 Be8 15. b4 Nd7 16. Nd3 Bf6 17. a4 a6 18. Nf4 Bf7 19. Nd3 Qc7 20. f4 g6 21. Qb3 Rfb8 22. a5 Bg7 23. Bc3 Nf6 24. Ne5 Ne4 25. Bxe4 dxe4 26. Nxf7 Qxf7 27. Rf2 Rd8 28. Rd1 1/2-1/2